| 000 | 00371nam a22001217a 4500 | ||
|---|---|---|---|
| 999 |
_c5543 _d5543 |
||
| 008 | 250930b ||||| |||| 00| 0 eng d | ||
| 020 | _a9781412763004 | ||
| 082 | _a398.2 AUT | ||
| 100 |
_aVARIOUS AUTHORS _eAUTHOR |
||
| 245 | _a5 MINUTE GOODNIGHT STORIES | ||
| 260 |
_a7373 NORTH CICERO AVENUE,LINCOLNWOOD,ILLINOIS 60712 _bPUBLICATIONS INTERNATIONAL,LTD _c2006 |
||
| 942 | _2ddc | ||